Statistics for Oscar for Best Actor in a Supporting Role

Click here to take the quiz!

General Stats

  • This quiz has been taken 438 times
  • The average score is 42 of 81

Answer Stats

YearMovieActor% Correct
1997Good Will HuntingRobin Williams
92%
2008The Dark KnightHeath Ledger
88%
1996Jerry MaguireCuba Gooding Jr.
87%
1990GoodfellasJoe Pesci
87%
1974The Godfather Part IIRobert De Niro
87%
2012Django UnchainedChristoph Waltz
85%
2009Inglourious BasterdsChristoph Waltz
85%
1995The Usual SuspectsKevin Spacey
85%
2004Million Dollar BabyMorgan Freeman
85%
2010The FighterChristian Bale
81%
1986Hannah and Her SistersMichael Caine
81%
1999The Cider House RulesMichael Caine
81%
1993The FugitiveTommy Lee Jones
81%
2013Dallas Buyers ClubJared Leto
80%
2007No Country for Old MenJavier Bardem
80%
1989GloryDenzel Washington
79%
2005SyrianaGeorge Clooney
78%
1983Terms of EndearmentJack Nicholson
75%
2014WhiplashJ.K. Simmons
75%
1987The UntouchablesSean Connery
75%
1978The Deer HunterChristopher Walken
74%
1992UnforgivenGene Hackman
74%
2016MoonlightMahershala Ali
72%
2003Mystic RiverTim Robbins
72%
1988A Fish Called WandaKevin Kline
69%
2006Little Miss SunshineAlan Arkin
64%
2000TrafficBenicio del Toro
61%
2011BeginnersChristopher Plummer
59%
1991City SlickersJack Palance
59%
2002Adaptation.Chris Cooper
58%
2015Bridge of SpiesMark Rylance
56%
1994Ed WoodMartin Landau
55%
1955Mister RobertsJack Lemmon
52%
1977JuliaJason Robards
52%
1976All the President's MenJason Robards
52%
2001IrisJim Broadbent
52%
1982An Officer and a GentlemanLouis Gossett Jr.
52%
1953From Here to EternityFrank Sinatra
50%
1972CabaretJoel Grey
48%
1963HudMelvyn Douglas
48%
1979Being ThereMelvyn Douglas
48%
1980Ordinary PeopleTimothy Hutton
48%
1985CocoonDon Ameche
47%
1967Cool Hand LukeGeorge Kennedy
47%
1981ArthurJohn Gielgud
47%
1966The Fortune CookieWalter Matthau
46%
1952Viva Zapata!Anthony Quinn
45%
1956Lust for LifeAnthony Quinn
45%
1960SpartacusPeter Ustinov
45%
1964TopkapiPeter Ustinov
45%
1975The Sunshine BoysGeorge Burns
41%
1951A Streetcar Named DesireKarl Malden
40%
1940The WesternerWalter Brennan
40%
1938KentuckyWalter Brennan
40%
1936Come and Get ItWalter Brennan
40%
1984The Killing FieldsHaing S. Ngor
39%
1943The More the MerrierCharles Coburn
38%
1998AfflictionJames Coburn
38%
1971The Last Picture ShowBen Johnson
37%
1948The Treasure of the Sierra MadreWalter Huston
37%
1973The Paper ChaseJohn Houseman
34%
1970Ryan's DaughterJohn Mills
32%
1950All About EveGeorge Sanders
31%
1969They Shoot Horses, Don't They?Gig Young
31%
1961West Side StoryGeorge Chakiris
30%
1957SayonaraRed Buttons
30%
1958The Big CountryBurl Ives
28%
1959Ben-HurHugh Griffith
27%
1947Miracle on 34th StreetEdmund Gwenn
26%
1944Going My WayBarry Fitzgerald
25%
1946The Best Years of Our LivesHarold Russell
24%
1939StagecoachThomas Mitchell
24%
1965A Thousand ClownsMartin Balsam
23%
1949Twelve O'Clock HighDean Jagger
22%
1941How Green Was My ValleyDonald Crisp
22%
1962Sweet Bird of YouthEd Begley
22%
1968The Subject Was RosesJack Albertson
22%
1937The Life of Emile ZolaJoseph Schildkraut
21%
1942Johnny EagerVan Heflin
21%
1954The Barefoot ContessaEdmond O'Brien
20%
1945A Tree Grows in BrooklynJames Dunn
19%

Score Distribution

Percentile by Number Answered

Percent of People with Each Score

Your Score History

You have not taken this quiz